| 000 | 00000cam 2200000zi 4500 |
| 001 | 9.963153 |
| 003 | CaOODSP |
| 005 | 20260528142943 |
| 006 | m o d f |
| 007 | cr |n||||||||| |
| 008 | 260528e202605##onca ob f|0| 0 fre d |
| 040 | |aCaOODSP|bfre|erda|cCaOODSP |
| 043 | |an-cn--- |
| 086 | 1 |aXC79-1/1-451-3F-PDF |
| 110 | 1 |aCanada. |bParlement. |bChambre des communes. |bComité permanent de la science et de la recherche, |eauteur, |eorganisme de publication. |
| 245 | 10|aRésistance aux antimicrobiens / |cSalma Zahid, présidente. |
| 264 | 1|a[Ottawa] : |bChambre des communes, Canada = House of Commons, Canada, |cmai 2026. |
| 300 | |a1 ressource en ligne (viii, 63 pages) : |billustrations. |
| 336 | |atexte|btxt|2rdacontent/fre |
| 337 | |ainformatique|bc|2rdamedia/fre |
| 338 | |aressource en ligne|bcr|2rdacarrier/fre |
| 490 | 1 |aRapport du Comité permanent de la science et de la recherche ; |v3e rapport, 45e législature, 1re session |
| 500 | |aPublié aussi en anglais sous le titre : Antimicrobial resistance. |
| 504 | |aComprend des références bibliographiques. |
| 650 | 6|aMicro-organismes|xRésistance aux médicaments|zCanada. |
| 650 | 6|aAntiinfectieux|zCanada. |
| 700 | 1 |aZahid, Salma. |
| 775 | 08|tAntimicrobial resistance / |w(CaOODSP)9.963152 |
| 830 | #0|aRapport du Comité permanent de la science et de la recherche ;|v3e rapport, 45e législature, 1re session.|w(CaOODSP)9.912113 |
| 856 | 40|qPDF|s3.67 Mo|uhttps://publications.gc.ca/collections/collection_2026/parl/xc79-1/XC79-1-1-451-3-fra.pdf |
| 856 | 4 |qHTML|sS.O.|uhttps://www.noscommunes.ca/documentviewer/fr/45-1/SRSR/rapport-3 |